000 00885nam a22002655i 4500
001 169198
003 ES-MaACL
005 20251216165940.0
008 080821s2002 sp |||| | spa d
020 _a84-7664-660-7
080 _a76 Miró, Joan (083.824)
110 2 _aFundació "la Caixa"
_9173255
245 1 0 _aJoan Miró, litógrafo
_b: colección de obra gráfica de la Fundación "la Caixa".
250 _a2ª ed.
260 _aBarcelona :
_bFundación"la Caixa",
_c2002.
300 _a71 p. :
_bil. col. ;
_c21 x 21 cm.
504 _aBibliografía.
600 0 4 _aMiró, Joan,
_d1893-1983-
_vExposiciones
_981605
610 2 4 _aFundació "la Caixa"-
_xColecciones de arte-
_vCatálogos.
_9224741
655 7 _2tgfbne
_9193628
_aCatálogos de exposiciones
700 1 _aMiró, Joan.
_981604
852 4 _aES-MaACL
_jL-29548
942 _2udc
999 _c169198
_d169198